000 00467nam a2200133Ia 4500
005 20260209120150.0
008 260209s9999||||xx |||||||||||||| ||und||
100 _aSaurabh Aswal
245 0 _aRole of social media in political discourse
260 _aBangaloreBangalore
_bNLSIU, Bangalore
_c2023 - 2024
300 _a32 p. ; 25 cm.
700 _aDr. Sushmita Pati - SupervisorDr. Sushmita Pati - Supervisor
856 _uhttps://dans.nls.ac.in/handle/123456789/2199
999 _c217710
_d217710